Advanced general organic chemistry : (Record no. 42500)

MARC details
000 -LEADER
fixed length control field 01041nam a22002537a 4500
005 - DATE AND TIME OF LATEST TRANSACTION
control field 20100818162151.0
010 ## - LCCN (DPL NO)
LC control number ENG-100739
020 ## - INTERNATIONAL STANDARD BOOK NUMBER
Terms of availability 735.00
International Standard Book Number 8173814414
020 ## - INTERNATIONAL STANDARD BOOK NUMBER
Terms of availability 735.00
International Standard Book Number 9788173814419
035 ## - SYSTEM CONTROL NUMBER
System control number EN-84272
037 ## - SOURCE OF ACQUISITION
Source of stock number/acquisition DBAD/PUB
082 ## - DEWEY DECIMAL CLASSIFICATION NUMBER
Classification number 547
100 ## - MAIN ENTRY--PERSONAL NAME
Personal name Ghosh, Sachin Kumar
245 ## - TITLE STATEMENT
Title Advanced general organic chemistry :
Statement of responsibility, etc by Sachin Kumar Ghosh
Remainder of title a modern approach /
250 ## - EDITION STATEMENT
Edition statement 3rd.rev.ed
260 ## - PUBLICATION, DISTRIBUTION, ETC. (IMPRINT)
Place of publication, distribution, etc New Delhi
Name of publisher, distributor, etc New Central Book Agency
Date of publication, distribution, etc 2009
270 ## - ADDRESS
City New Delhi
Address 4262/3 1st Floor, Flat Nos.105 &106, Ansari Road, Daryaganj
Postal code 110002
300 ## - PHYSICAL DESCRIPTION
Extent xv, 1813p.
Dimensions 24cm (pbk)
500 ## - GENERAL NOTE
General note includes index
505 ## - FORMATTED CONTENTS NOTE
Formatted contents note Pt.2- General chemistry of hydrocarbons, heterocycles (with one heteroatom)functional groups, planning A synthesis, amino acids, peptides, protiens, nucleic acids and carbohydrates
650 ## - SUBJECT ADDED ENTRY--TOPICAL TERM
Topical term or geographic name as entry element Chemistry
942 ## - ADDED ENTRY ELEMENTS (KOHA)
Source of classification or shelving scheme Dewey Decimal Classification
Item type English Books
Classification part 547
Call number suffix GHO
Holdings
Withdrawn status Lost status Not for loan Collection code Home library Current library Date acquired Source of acquisition Cost, normal purchase price Full call number Barcode Copy number Cost, replacement price Koha item type
    Not For Loan Non-fiction D.B.Act.Division D.B.Act.Division 18/08/2010 DBAD/PUB 735.00 547 GHO EN-84272 1 735.00 English Books

© Delhi Public Library
Hit Counter
free hit counter